000 00499nam a2200145Ia 4500
003 OSt
005 20260226102037.0
008 211028s2019 xx 000 0 und d
040 _cAIMIT LIBRARY
041 _aeng
100 _aSequeira, Michelle Magdalene; James, Justine.
_g1716107
_98085
245 _aTo study the effectiveness of online website in digital marketing with special reference to Mandovi Motors Pvt. Ltd. Mangalore /
260 _aMangalore
_bDivya Pereira
_c2019
942 _2ddc
_cPRO
999 _c219653
_d219653